000 00604nam a2200205 i 4500
001 110569
003 ES-MaACL
005 20230906185104.0
007 t|
008 070201s1884 sp ||||1| spa d
080 _a821.134.2-31"18"
100 1 _aCubas, Manuel.
_941921
245 1 3 _aEl panal de miel
_b: novela original /
_cde Manuel Cubas.
260 _aMadrid :
_bEl Cosmos,
_c1884.
300 _a336 p. ;
_c19 cm.
490 1 _aBiblioteca de "El cosmos editorial"
830 0 _aBiblioteca de "El cosmos editorial"
_9190444
852 _aES-MaACL
_jD-3521
_bR.138568
999 _c110569
_d110569